00933nam a2200277 i 4500003000900000005001700009007000300026008004100029020001800070040003000088082001400118100004000132245006400172264007200236300004700308336002700355337003400382338002800416590002700444700001000471700001000481910000700491942001400498952012600512999001700638DO-SdBNP20240711101500.0ta240711s2007 dr 001 0 spa d a9788483470503 aDO-SdBNPbspacBNPHUerda bP792h222 aPonce Herrero, Gabinoeautor98604210aLa Habana, de colonia a metrópoli /cGabino Ponce Herrero 1aMadrid :bAgencia Española de Cooperación Internacional,c2007. a473 páginas : bilustraciones ;c31 cm. 2rdacontentatextobtxt 2rdamediaasin mediación bn 2rdacarrieravolumenbnc aInventariado, 2024/ DG 985934 986038 aDG 2ddccLBS1 00102ddc56708GRaBNPHUbBNPHUcCTd2024-07-11edonaciónl0oBNPHU GR P792hp2024-4336r2024-07-11w2024-07-11yLBS1 c57255d57255